00807nam a2200193Ia 4500008004100000020001500041050001500056082002300071100004800094245014300142260003300285300002500318336001000343337001400353338001200367504004100379505016800420650002500588120625s2003 mx 000 0 spa d a9700740196 4aK230 bP53 a005.369 R763m 20011 aPlatas Pacheco, Maria del Carmen.e, autor.10aFilosofía del derecho b: analogía de proporcionalidad c/ María del Carmen Platas Pacheco ; prólogo de Rafael Márquez Piñero.3 aMéxico b: Porruac, 2003. axxxi, 228 páginas. aTexto aSin medio aVolumen aIncluye bibliografía (pp. 217-228) aLa debitud: género-sujeto del derecho La analogía, método del conocimiento jurídico La argumentación jurídica El acto justo: concreción de la debitud14aDERECHOxFILOSOFÍA